A Budai Várnegyed gasztronómiai arculatának elemzése

Bibliográfiai részletek
Szerző: Mészáros Nóra
További közreműködők: Debreceni János
Dokumentumtípus: Diplomadolgozat
Kulcsszavak:Budai Várnegyed
gasztronómia
arculat
Online Access:http://dolgozattar.uni-bge.hu/18376

MARC

LEADER 00000nta a2200000 i 4500
001 dolg18376
005 20181127164113.0
008 181127suuuu hu om 000 hun d
040 |a BGE Dolgozattár Repozitórium  |b hun 
041 |a hu 
100 1 |a Mészáros Nóra 
245 1 2 |a A Budai Várnegyed gasztronómiai arculatának elemzése  |c Mészáros Nóra  |h [elektronikus dokumentum] 
246 1 1 |a A Budai Várnegyed gasztronómiai arculatának elemzése 
695 |a Budai Várnegyed 
695 |a gasztronómia 
695 |a arculat 
700 1 |a Debreceni János  |e ths 
856 4 0 |u http://dolgozattar.uni-bge.hu/18376/1/M%C3%A9sz%C3%A1ros_N%C3%B3ra_N3U4HW_TVvend.pdf  |z Dokumentum-elérés